LIBRARY & INFORMATION CENTRE, KCAET, TAVANUR

ONLINE PUBLIC ACCESS CATALOGUE (OPAC)

Normal view MARC view
  • Eaton, Andrew D

Entry Personal Name

Number of records used in: 1

001 - CONTROL NUMBER

  • control field: 7176

003 - CONTROL NUMBER IDENTIFIER

  • control field: OSt

005 - DATE AND TIME OF LATEST TRANSACTION

  • control field: 20250219112517.0

008 - FIXED-LENGTH DATA ELEMENTS

  • fixed length control field: 250219|| aca||aabn | a|a d

040 ## - CATALOGING SOURCE

  • Original cataloging agency: OSt
  • Transcribing agency: OSt

100 ## - HEADING--PERSONAL NAME

  • Personal name: Eaton, Andrew D

670 ## - SOURCE DATA FOUND

  • Source citation: Work cat.: (OSt)10134: Eaton, Andrew D ., Standards methods for the examination of water and waste water / , 1995.
free website counter